| 000 | 00968nam a2200277 i 4500 | ||
|---|---|---|---|
| 001 | 135106 | ||
| 003 | ES-MaACL | ||
| 005 | 20250801084635.0 | ||
| 007 | t| | ||
| 008 | 070709s1977 sp |||| | spa d | ||
| 020 | _a84-231-1526-7 | ||
| 080 | _a830.09 | ||
| 080 | _a850.09 | ||
| 100 | 1 |
_aThoorens, Léon. _9110130 |
|
| 245 | 1 | 0 |
_aItalia y Alemania _b: de la Edad Media a la literatura contemporánea / _cLeón Thoorens ; [traducción... J.A. Fontanilla y L. Rodríguez]. |
| 260 |
_aBarcelona, etc. : _bDaimon, _c[1977] |
||
| 300 |
_a314 p. : _bil. ; _c18 cm. |
||
| 490 | 1 | _aHistoria universal de la literatura | |
| 650 | 4 |
_aLiteratura italiana- _xHistoria y crítica. _914631 |
|
| 650 | 1 | 0 |
_aLiteratura alemana- _vHistoria y crítica _9184352 |
| 700 | 1 |
_aFontanilla, José Antonio. _951619 |
|
| 700 | 1 |
_aRodríguez, L. _998270 |
|
| 830 | 0 |
_aHistoria universal de la literatura _9186996 |
|
| 852 |
_aES-MaACL _jA-7864 |
||
| 999 |
_c135106 _d135106 |
||